| 000 | 00802nam a22002177a 4500 | ||
|---|---|---|---|
| 999 |
_c17233 _d17233 |
||
| 003 | AR-CdUCM | ||
| 008 | 190507b ||||| |||| 00| 0 spa d | ||
| 040 |
_aMUNICIPALIDAD PROVINCIAL DEL CUSCO _cBIBLIOTECA MUNICIPAL DEL CUSCO |
||
| 082 |
_a158.7 / _bD98 |
||
| 100 |
_aDuyckaerts, Francois _937119 |
||
| 245 | _aLa formación del vinculo sexual / | ||
| 260 |
_aMadrid : _bEdiciones Guadarrama, _c1966. |
||
| 300 |
_a289 paginas ; _c20 cm. |
||
| 505 | _aContenido: Excitación e inhibición -- Importancia de la inhibición -- Sexualidad y agresividad -- Secuencias agresivas -- La sexualidad inconsciente... | ||
| 650 |
_aSexualidad _99609 |
||
| 650 |
_aFormación _98434 |
||
| 650 |
_aVinculo _937120 |
||
| 700 |
_aEcheveste, Jose Jose _937121 |
||
| 942 |
_2ddc _cLIBROS |
||
| 945 |
_apjha _d2019-05-07 |
||